|
|
|
|
| LEADER |
00000nam0a2200000 4500 |
| 001 |
17031 |
| 005 |
20260224132112.0 |
| 010 |
|
|
|a 5874830103
|
| 035 |
|
|
|a (RuTPU)RU\TPU\book\17162
|
| 035 |
|
|
|a BOOK00001850
|
| 090 |
|
|
|a 17031
|
| 100 |
|
|
|a 20011209d1994 m y0rusy50 ca
|
| 101 |
0 |
|
|a rus
|
| 102 |
|
|
|a RU
|
| 105 |
|
|
|a y j 000zy
|
| 200 |
1 |
|
|a История Отечества в документах, 1917-1993
|h Ч. 1
|i 1917-1920
|e Хрестоматия для учащихся ст. классов в 4-х ч.
|f под ред. Г. В. Клокова
|
| 210 |
|
|
|a Москва
|c ИЛБИ
|d 1994
|
| 215 |
|
|
|a 223 с.
|
| 606 |
|
|
|7 ca
|8 rus
|a Россия
|x История
|x Источники и источниковедение
|z 20 в. - ...
|9 89180
|
| 610 |
1 |
|
|a 20 век
|
| 610 |
1 |
|
|a СССР
|
| 610 |
1 |
|
|a учебные пособия
|
| 610 |
1 |
|
|a хрестоматии
|
| 610 |
1 |
|
|a источники исторические
|
| 686 |
|
|
|a Т3(2)6ю
|2 rubbk
|
| 686 |
|
|
|a Т3(2)61
|2 rubbk
|
| 702 |
|
1 |
|a Клокова
|b Г. В.
|g Галина Васильевна
|4 340
|
| 801 |
|
0 |
|a RU
|b 63413507
|c 20011209
|g PSBO
|
| 801 |
|
2 |
|a RU
|b 63413507
|c 20130221
|g PSBO
|
| 942 |
|
|
|c BK
|